| 000 | 00349nam a2200133Ia 4500 | ||
|---|---|---|---|
| 003 | OSt | ||
| 005 | 20240203123128.0 | ||
| 008 | 170524s9999 xx 000 0 und d | ||
| 020 | _a- 9788177099638 | ||
| 040 | _cIIMT UNIVERSIY MEERUT | ||
| 100 | _aAGGARWAL- R.S. | ||
| 245 | 0 | _aSENIOR SECONDARY SCHOOL MATHEMATICS FOR CLASS-12 PART- A | |
| 942 |
_2ddc _c02 |
||
| 999 |
_c3980 _d3980 |
||